000
00305nam a22001337a 4500
008
181008b xxu||||| |||| 00| 0 eng d
020
_a
9781416027348
041
_a
eng
080
_a
616.8
100
_a
7
101
_a
NEU
245
_a
Neuroimaging Clinics of North America
_c
Lev,M.H
942
_2
udc
_c
BK
999
_c
48982
_d
48982